000 00467nam a2200169Ia 4500
003 GCL
008 140319s9999 xx 000 0 ara d
040 _aGCL /
_cGCL
082 0 4 _a813.008
_bز ع
100 1 _aزين العابدين الحسينى
245 1 0 _aعندما تبكى الالوان /
_cزين العابدين الحسينى
490 _a
650 0 4 _aالادب العربى
650 0 4 _aالادب
650 0 4 _aالقصة
942 _2ddc
_cBK
999 _c39893
_d39893